Statistiques concernant Etats des Etats Unis commençant par la lettre "N"

Cliquez ici pour prendre le quiz!

Statistiques générales

  • Ce quiz a été pris 148 fois
  • Le résultat moyen est 5 sur 6

Statistiques - réponses

Réponse % Correct
Nevada
94%
Nebraska
90%
New York
87%
New Hampshire
82%
New Jersey
82%
Nouveau Mexique
78%

Distribution des résultats

Percentile by Number Answered

% des personnes avec chaque résultat

Votre développement - résultats

Vous n’avez pas pris ce quiz